[Event "GEO-ch U20 Boys 2020"]
[Site "Tbilisi"]
[Date "2020.08.14"]
[Round "9.4"]
[White "Khodashneli, Shota"]
[Black "Qalichava, Akaki"]
[Result "1-0"]
[WhiteElo "1940"]
[BlackElo "1832"]
[Annotator "TA"]
[PlyCount "77"]
[EventDate "2020.08.06"]
[EventType "tourn"]
[EventCountry "GEO"]
[SourceTitle "playchess.com"]
[Source "ChessBase"]
[SourceQuality "1"]

{[%evp 14,77,-27,-45,-24,-41,-49,-25,-27,-55,-32,-74,-60,-79,17,17,17,17,17,13,9,10,37,31,66,46,81,85,111,115,148,83,127,121,106,117,211,205,206,158,152,153,143,146,149,100,102,32,86,8,79,43,45,97,208,208,194,187,189,199,186,193,426,455,29998,29999]} 1. e4 c5 2. Nf3 e6 3. c3 Nf6 4. e5 Nd5 5. d4 cxd4 6. Qxd4 Nc6 7. Qe4 f5 8. Qe2 b5 {B22: Sicilian: 2 c3.} 9. Qxb5 Qc7 10. Qe2 a5 {Black has an edge.} 11. c4 Ba6 {[#]} 12. b3 $146 ({Predecessor:} 12. Qd1 Nb6 13. c5 Nc4 14. Nbd2 N4xe5 15. Bxa6 Rxa6 16. Qe2 Ra7 17. O-O Bxc5 18. b3 {0-1 (53) Deviatkin,A (2544)-Najer,E (2605) Moscow 2007}) 12... Bb4+ 13. Bd2 $1 Bxd2+ (13... Nf4 $17 14. Qe3 Ng6) 14. Qxd2 $11 Nxe5 15. Nd4 $1 (15. cxd5 $2 Nxf3+ 16. gxf3 Qe5+ 17. Be2 Qxa1 $19) 15... Nf6 16. Nc3 O-O 17. Be2 Bb7 18. f3 f4 19. O-O-O Rfc8 20. Ndb5 Qc5 21. Qxf4 Bc6 {[#] And now ...Bxb5 would win.} 22. Na4 (22. Nd6 $142 $1) 22... Qb4 {Threatens to win with ...Nxc4.} 23. Qxe5 Bxb5 24. Nb6 Rc5 (24... Bxc4 $16 {might work better.} 25. Nxc8 (25. Nxc4 a4 $16) 25... Bxe2 26. Qxe2 Rxc8+ 27. Kb2 (27. Kb1 a4 $16) 27... Nd5) 25. Qb2 $18 {a3 is the strong threat.} Bxc4 26. Nxc4 d5 27. Kb1 {aiming for Ne5.} dxc4 28. Bxc4 Nd5 {Black wants to play ...Nc3+.} 29. Bxd5 exd5 30. Rd4 (30. Qe5 $16) 30... Qb5 (30... Qb6 $1 $14) 31. Rhd1 ({White should play} 31. Rc1 $16) 31... Re8 (31... Rac8 $1 $11 {remains equal.}) 32. Qd2 $36 {[%cal Rd4d5][%mdl 2048] White has the initiative.} Re2 33. Qg5 {[%cal Rd4d5]} Rcc2 (33... h6 $16 {was worth a try.} 34. Qf5 Rxg2) 34. Qd8+ ({Inferior is} 34. Qxd5+ Qxd5 35. Rxd5 Rb2+ 36. Ka1 Rxa2+ 37. Kb1 h6 $17) 34... Kf7 35. Rf4+ Ke6 36. Qg8+ {[%mdl 64] Double Attack} Kd6 {( -> ...Rb2+)} 37. Qf8+ Ke6 $2 {[#]} (37... Kc6 {keeps fighting.} 38. Qc8+ Kb6 39. Qxc2 Rxc2 40. Kxc2 Qc6+ 41. Kb2 Qd6) 38. Re4+ $1 {[%mdl 512]} dxe4 (38... Rxe4 $18 39. fxe4 (39. Kxc2 Re2+ 40. Kb1 a4 $16) 39... Rc5 40. Qxg7 Qe2 41. exd5+ Kd6 42. Qh6+ Kc7) 39. Rd6+ {Accuracy: White = 69%, Black = 39%.} 1-0

[Event "GEO-ch U20 Boys 2020"]
[Site "Tbilisi"]
[Date "2020.08.14"]
[Round "9.5"]
[White "Tsomaia, Nikoloz"]
[Black "Khvedelidze, Luka"]
[Result "1-0"]
[WhiteElo "2240"]
[BlackElo "1360"]
[Annotator "TA"]
[PlyCount "81"]
[EventDate "2020.08.06"]
[EventType "tourn"]
[EventCountry "GEO"]
[SourceTitle "playchess.com"]
[Source "ChessBase"]
[SourceQuality "1"]

{[%evp 9,81,46,43,50,52,48,73,64,79,20,34,24,47,21,24,7,11,21,18,21,21,14,14,8,20,23,23,1,41,30,25,20,66,47,112,62,95,87,100,50,62,47,50,13,68,55,47,31,39,32,17,0,0,0,602,73,62,45,139,94,214,221,256,192,957,920,1793,1683,2091,2098,1816,1948,1314,1387]} 1. e4 e6 2. d3 d5 3. Nd2 dxe4 4. dxe4 e5 5. Ngf3 Nc6 6. Bb5 {C00: French: Unusual White 2nd moves.} Bd6 7. Nc4 Qe7 {[#]} 8. Bg5 $146 {White is better.} ({Predecessor:} 8. Qe2 Bd7 9. Bg5 Nf6 10. Ne3 h6 11. Nd5 Qd8 12. Bxf6 gxf6 13. c3 a6 14. Ba4 Rg8 15. Nh4 Rg4 16. g3 f5 17. f3 Rg5 18. Nxf5 Bxf5 19. exf5 Rxf5 {1-0 (19) Stripunsky,A (2535)-Zhao,P New York 2001}) 8... f6 9. Nxd6+ (9. Be3 $16) 9... cxd6 $11 10. Be3 Be6 11. O-O Qc7 12. Nd2 Nge7 13. c4 O-O 14. Rc1 Rfd8 15. Qe2 f5 {aiming for ...f4.} 16. f3 f4 17. Bf2 Rac8 18. Nb1 a6 (18... Nd4 $5 {[%cal Rd4e2]} 19. Qd2 Nxb5 20. cxb5 Qd7 $11) 19. Ba4 Qa5 20. Bb3 Kh8 21. Nc3 Nb8 ({Black should play} 21... Nd4 $14 22. Bxd4 exd4) 22. Nd5 Nxd5 23. exd5 Bf7 24. a3 Nd7 25. Bc2 b5 26. Bh4 {Black must now prevent Bf5.} Re8 (26... Nf6 $11) 27. Bf5 Qb6+ $1 28. Kh1 Qb7 $1 29. cxb5 axb5 30. Be6 Bxe6 31. dxe6 Rxe6 $2 {[%mdl 8192] [#]} (31... Rxc1 $11 32. Rxc1 Nf6) 32. Rxc8+ $2 (32. Qxb5 $1 $18 {[%mdl 512]} Nb6 {[#]} (32... Qxb5 33. Rxc8+) 33. Qxb6 $1 {[%mdl 512]}) 32... Qxc8 $16 33. Qxb5 Nf6 (33... h6 $14) 34. h3 Nh5 (34... e4 $16) 35. a4 $18 {[%cal Ba3a4,Ba4a5,Ba5a6,Ba6a7][%mdl 32]} Rh6 36. Ra1 $40 {[%mdl 128] Strongly threatening a5. Black is in trouble.} Rg6 $2 (36... Ng3+ 37. Bxg3 fxg3) 37. a5 {White is clearly winning.} h6 38. a6 Re6 39. a7 Qa8 40. Qb8+ {[%mdl 64] Double Attack} Re8 {[#]} 41. Qxe8+ $1 {[%mdl 512] Accuracy: White = 76%, Black = 49%.} 1-0

[Event "GEO-ch U20 Boys 2020"]
[Site "Tbilisi"]
[Date "2020.08.14"]
[Round "9.6"]
[White "Naqopia, Giorgi"]
[Black "Gongliashvili, Zurab"]
[Result "1/2-1/2"]
[WhiteElo "1806"]
[BlackElo "1807"]
[Annotator "NA RC"]
[PlyCount "61"]
[EventDate "2020.08.06"]
[EventType "tourn"]
[EventCountry "GEO"]
[SourceTitle "playchess.com"]
[Source "ChessBase"]
[SourceQuality "1"]
[TimeControl "40/5400+30:1800+30"]

1. d4 {[%emt 0:10:09]} Nf6 {[%emt 0:00:00]} 2. Nf3 {[%emt 0:00:04]} d5 {[%emt 0:00:00]} 3. c3 {[%emt 0:00:03]} c5 {[%emt 0:00:00]} 4. Bg5 {[%emt 0:00:06]} e6 {[%emt 0:00:00]} 5. Bxf6 {[%emt 0:00:03]} Qxf6 {[%emt 0:00:00] [#]} 6. Ne5 $146 {[%emt 0:00:02] D02: 1 d4 d5 2 Nf3 sidelines, including 2...Nf6 3 g3 and 2...Nf6 3 Bf4.} ({Predecessor:} 6. e3 Bd6 7. Bb5+ Nc6 8. O-O Bd7 9. Nbd2 a6 10. Bd3 cxd4 11. Nxd4 O-O 12. Qe2 Rad8 {0-1 (29) Ljubicic,F (2415)-Saric,A (2505) Rijeka 2008}) 6... Nc6 {[%emt 0:00:06]} 7. Nxc6 {[%emt 0:00:07]} bxc6 {[%emt 0:00:03]} 8. e3 {[%emt 0:00:04]} Bd6 {[%emt 0:00:15]} 9. Nd2 {[%emt 0:00:05]} cxd4 {[%emt 0:00:12]} 10. exd4 {[%emt 0:00:03]} O-O {[%emt 0:00:10]} 11. Qf3 {[%emt 0:00:07]} Qxf3 {[%emt 0:00:04]} 12. Nxf3 {[%emt 0:00:04]} c5 {[%emt 0:00:04]} 13. dxc5 {[%emt 0:00:05]} Bxc5 {[%emt 0:00:03]} 14. Bd3 {[%emt 0:00:06]} a5 {[%emt 0:00:07]} 15. O-O {[%emt 0:00:06]} Ba6 {[%emt 0:00:03]} 16. Bxa6 {[%emt 0:00:04]} Rxa6 {[%emt 0:00:03]} 17. Rfd1 {[%emt 0:00:17]} a4 {[%emt 0:00:10]} 18. b4 {[%emt 0:00:09]} axb3 {[%emt 0:00:12]} 19. axb3 {[%emt 0:00:03]} Rfa8 {[%emt 0:00:06]} 20. Rxa6 {[%emt 0:00:05]} Rxa6 {[%emt 0:00:03]} 21. Nd4 {[%emt 0:00:23]} Bxd4 {[%emt 0:00:11]} 22. cxd4 {[%emt 0:00:03]} Rb6 {[%emt 0:00:08]} 23. Rd3 {[%emt 0:00:09]} Kf8 {[%emt 0:00:05]} 24. Kf1 {[%emt 0:00:03]} Ke7 {[%emt 0:00:04]} 25. Ke2 {[%emt 0:00:04]} Kd6 {[%emt 0:00:08]} 26. Kd2 {[%emt 0:00:04]} f6 {[%emt 0:00:08]} 27. f4 {[%emt 0:00:05]} e5 {[%emt 0:00:10]} 28. fxe5+ {[%emt 0:00:04]} fxe5 {[%emt 0:00:03]} 29. dxe5+ {[%emt 0:00:05]} Kxe5 {[%emt 0:00:04]} 30. h3 {[%emt 0:00:13]} Rb4 $11 {[%emt 0:00:05]} 31. g3 {[%emt 0:00:04]} 1/2-1/2